¿Qué le pasa a mi cuerpo? : (Record no. 164236)

MARC details
000 -CABECERA
campo de control de longitud fija 00640nam a2200229 u 4500
005 - FECHA Y HORA DE LA ÚLTIMA TRANSACCIÓN
campo de control 20230418063522.0
008 - ELEMENTOS DE LONGITUD FIJA--INFORMACIÓN GENERAL
campo de control de longitud fija 130812s2008 cl r 000 0 spa d
020 ## - NÚMERO INTERNACIONAL NORMALIZADO PARA LIBROS
Número Internacional Estándar del Libro 9586073327
035 ## - NÚMERO DE CONTROL DEL SISTEMA
Número de control de sistema UPN01000192133
049 ## - COLECCIÓN
Colección CG
050 #4 - SIGNATURA TOPOGRÁFICA DE LA BIBLIOTECA DEL CONGRESO
Número de clasificación HQ798
Número de documento/Ítem D5.6
100 1# - ASIENTO PRINCIPAL--NOMBRE PERSONAL
Nombre de persona Díaz, Manuel,
Fechas asociadas al nombre 1944-
9 (RLIN) 34077
245 11 - MENCIÓN DE TÍTULO
Título ¿Qué le pasa a mi cuerpo? :
Resto del título para muchachas /
Mención de responsabilidad, etc. Manuel Díaz.
260 ## - PUBLICACIÓN, DISTRIBUCIÓN, ETC.
Lugar de publicación, distribución, etc. Bogotá :
Nombre del editor, distribuidor, etc. San Pablo,
Fecha de publicación, distribución, etc. 2008.
300 ## - DESCRIPCIÓN FÍSICA
Extensión 76 p.
440 #0 - MENCIÓN DE SERIE/ASIENTO SECUNDARIO--TÍTULO
Título Adolescentes
650 #4 - ASIENTO SECUNDARIO DE MATERIA - TERMINO TEMATICO
Término de materia o nombre geográfico como elemento de entrada Mujeres adolescentes
9 (RLIN) 4095
650 #2 - ASIENTO SECUNDARIO DE MATERIA - TERMINO TEMATICO
Término de materia o nombre geográfico como elemento de entrada Pubertad
9 (RLIN) 14834
650 #0 - ASIENTO SECUNDARIO DE MATERIA - TERMINO TEMATICO
Término de materia o nombre geográfico como elemento de entrada Adolescentes
Subdivisión general Conducta de vida
9 (RLIN) 1767
905 ## - TIPO DE MATERIAL
Tipo de material Libro
Holdings
Estado de retiro Estado de pérdida Fuente del sistema de clasificación o colocación Estado dañado No para préstamo Código de colección Localización permanente Ubicación/localización actual Ubicación en estantería Total de préstamos Clasificación Código de barras Fecha visto por última vez Número de copia Tipo de ítem Koha
    Library of Congress Classification     Colección General Bib. Gregorio Torres Quintero Bib. Gregorio Torres Quintero Planta baja 3 HQ798 D5.6 289947 31/12/2020 1 Libro